| 000 | 00793nam a2200301Ia 4500 | ||
|---|---|---|---|
| 008 | 170203s9999 xx 000 0 und d | ||
| 020 | _a0 785346236 | ||
| 050 | _a0 30 | ||
| 050 | _bAl456 2002 | ||
| 245 | _aAlphabet band : | ||
| 245 | _bmy first interactive storybook / | ||
| 260 | _aLincolnwood, IL : | ||
| 260 | _bPublications International, | ||
| 260 | _c2002 | ||
| 300 | _a1 volume (unpaged) : | ||
| 300 | _billustrations ; | ||
| 300 | _c31 cm. | ||
| 300 | _e1 computer optical disc. | ||
| 440 | _aActive minds. | ||
| 650 | _aAlphabet -- | ||
| 650 | _aAlphabet. | ||
| 650 | _aLetters -- | ||
| 650 | _aLetters. | ||
| 650 | _aMusical instruments -- | ||
| 650 | _xJuvenile literature. | ||
| 650 | _xJuvenile literature. | ||
| 650 | _xJuvenile literature. | ||
| 999 |
_c305601 _d305601 |
||